Statistics for Largest European Cities With Four Letters

Click here to take the quiz!

General Stats

  • This quiz has been taken 122 times
  • The average score is 14 of 20

Answer Stats

populationcountrycity% Correct
3.48 milUkraineKyiv
100%
3.50 milItalyRome
100%
1.02 milNorwayOslo
97%
407 kSwitzerlandBern
95%
1.99 milFranceLyon
92%
932 kLatviaRiga
92%
223 kIrelandCork
85%
943 kFranceNice
79%
721 kUkraineLviv
68%
396 kCzechiaBrno
67%
292 kAustriaGraz
63%
331 kGermanyBonn
61%
664 kPolandŁódź
60%
327 kItalyBari
52%
198 kEnglandYork
51%
207 kAustriaLinz
50%
212 kFinlandOulu
41%
1.05 milRussiaPerm
40%
246 kGermanyKiel
39%
272 kRomaniaIași
34%

Score Distribution

Percentile by Number Answered

Percent of People with Each Score

Your Score History

You have not taken this quiz